000 00751 a2200241 4500
003 dpl
005 20180606160811.0
008 180606b xxu||||| |||| 00| 0 eng d
010 _aENG-89898
020 _a8180900886
_c400.00
035 _aEN-73431, B-223922
037 _bDBAD / PUB
040 _c0
082 1 4 _a615.53
100 1 _aGutpa, Kaviraj Russick Lal
245 1 _aAyurvedic system of pathology:
_cby Kaviraj Russick Lal Gupta
_b(roga nidanam)/
250 _arev. ed
260 _aDelhi
_bBharatiya Kala Prakashan
_c2006
270 _a3421-A, IInd Floor, Narang Colony, Tri Nagar
_bDelhi
_cDelhi
_e110035
_k27393083, 30967505
300 _aix, 294p.
_c21 cm. (Hb)
500 _aIncludes index.
942 _adpl
_cEN
_k615.53 / GUP
_2ddc
999 _c11587
_d11587